Men of Tolkien - Sudden Death - Statistics

General Stats
  • This quiz has been taken 162 times
  • The average score is 9 of 18
Answers on the Grid
Answers color-coded by a green-red scale on the quiz's grid according to % correct below.
Aldarion
Amrod
Ancalimon
Brand
Brandir
Arien
Bëor
Berúthiel
Eldarion
Beleg
Elendil
Elrond
Elros
Eönwë
Ghân-buri-Ghân
Bór
William Huggins
Beren
Roäc
Hador
Halbarad
Haleth
Lothíriel
Nessa
Théoden
Tulkas
Turgon
Túrin
 
Answer Stats
Answer % Correct
Théoden
75%
Bëor
65%
Beren
65%
Brand
65%
Elendil
64%
Elros
58%
Túrin
55%
Hador
53%
Brandir
50%
Eldarion
49%
Halbarad
49%
Haleth
49%
Aldarion
48%
Bór
42%
Ghân-buri-Ghân
41%
Berúthiel
34%
Ancalimon
28%
Lothíriel
20%
No matching quizzes found
Score Distribution
Percent of People with Each Score
Percentile by Number Answered
Your Score History
You have not taken this quiz